| 000 | 00527nam a22001697a 4500 | ||
|---|---|---|---|
| 003 | NUST | ||
| 038 | _aNusrat Nadeem | ||
| 082 | _a200 | ||
| 100 |
_aJavaid, Hafiz Hamza _997173 |
||
| 245 |
_aAutomated Duck Training for Pesticide Free Farming / _cHafiz Hamza Javaid |
||
| 264 |
_aIslamabad : _bSEECS, NUST, _c2022. |
||
| 300 | _a43 p. ; | ||
| 650 |
_aMS-Electrical Engineering _923567 |
||
| 700 |
_aSupervisor: Dr. Wajahat Hussain _997174 |
||
| 856 | _uhttp://10.250.8.41:8080/xmlui/handle/123456789/29909 | ||
| 942 |
_2ddc _cSC |
||
| 999 |
_c590974 _d590974 |
||